000 00688nam a22002177a 4500
005 20150609153956.0
008 140714b xxu||||| |||| 00| 0 Urdu d
010 _aUR-9024
020 _c100.00
035 _aU-7579
037 _bDBAD
040 _aDPL
_bUrdu
082 _a841
100 _aفر ا غ ر و ہو ی :ر با عيا ت
245 _aجنو ن خو ا ب ر با عيا ت
_cفر ا غ ر و ہو ی
246 h _aJunoon Khwab
_bby Faragh Rahvi
260 _bGulistan Publications
_c2013
_aKolkata
270 _a67,Moulana Shaukat Ali Street,
_bKolkata
_k9831285325
_e700073
300 _a176ص
_c22Cm (Hb)
942 _2ddc
_cUR
_e
_h841
_mف ر ا
999 _c94152
_d94152